<?xml version="1.0" encoding="UTF-8"?><?xml-stylesheet type="text/xsl" href="static/style.xsl"?><OAI-PMH xmlns="http://www.openarchives.org/OAI/2.0/" xmlns:xsi="http://www.w3.org/2001/XMLSchema-instance" xsi:schemaLocation="http://www.openarchives.org/OAI/2.0/ http://www.openarchives.org/OAI/2.0/OAI-PMH.xsd"><responseDate>2026-04-17T21:31:14Z</responseDate><request verb="GetRecord" identifier="oai:www.recercat.cat:20.500.12327/2114" metadataPrefix="marc">https://recercat.cat/oai/request</request><GetRecord><record><header><identifier>oai:recercat.cat:20.500.12327/2114</identifier><datestamp>2025-10-22T11:21:35Z</datestamp><setSpec>com_2072_4428</setSpec><setSpec>com_2072_4427</setSpec><setSpec>col_2072_487898</setSpec></header><metadata><record xmlns="http://www.loc.gov/MARC21/slim" xmlns:dcterms="http://purl.org/dc/terms/" xmlns:xsi="http://www.w3.org/2001/XMLSchema-instance" xmlns:doc="http://www.lyncode.com/xoai" xsi:schemaLocation="http://www.loc.gov/MARC21/slim http://www.loc.gov/standards/marcxml/schema/MARC21slim.xsd">
   <leader>00925njm 22002777a 4500</leader>
   <datafield ind2=" " ind1=" " tag="042">
      <subfield code="a">dc</subfield>
   </datafield>
   <datafield ind2=" " ind1=" " tag="720">
      <subfield code="a">Zomeño, Cristina</subfield>
      <subfield code="e">author</subfield>
   </datafield>
   <datafield ind2=" " ind1=" " tag="720">
      <subfield code="a">Gispert, Marina</subfield>
      <subfield code="e">author</subfield>
   </datafield>
   <datafield ind2=" " ind1=" " tag="720">
      <subfield code="a">Čandek-Potokar, Marjeta</subfield>
      <subfield code="e">author</subfield>
   </datafield>
   <datafield ind2=" " ind1=" " tag="720">
      <subfield code="a">Mörlein, Daniel</subfield>
      <subfield code="e">author</subfield>
   </datafield>
   <datafield ind2=" " ind1=" " tag="720">
      <subfield code="a">Font i Furnols, Maria</subfield>
      <subfield code="e">author</subfield>
   </datafield>
   <datafield ind2=" " ind1=" " tag="260">
      <subfield code="c">2022-12-16</subfield>
   </datafield>
   <datafield ind2=" " ind1=" " tag="520">
      <subfield code="a">This study compares minced carcass chemical composition and meat quality of castrated (CM), immunocastrated (IM) and entire male (EM), and female (FE) pigs at 70, 100 and 120 kg target body weights (TBW) (n = 80; 20 per sex). Sex affected fat, protein, and moisture content of the minced carcasses. Carcass fatty acid (FA) composition was affected by sex, with higher saturated and monounsaturated FA content in CM than in FE, IM and EM, and higher polyunsaturated FA in CM than in EM, with FE and IM in between. Except for intramuscular fat, which was higher in CM than in FE and EM, no significant differences between sexes were found in meat quality. TBW affected carcass chemical composition and some meat quality traits. An interaction between sex and TBW was found with IM approaching EM or CM depending on TBW.</subfield>
   </datafield>
   <datafield ind1="8" ind2=" " tag="024">
      <subfield code="a">Zomeño, Cristina, Marina Gispert, Marjeta Čandek-Potokar, Daniel Mörlein, and Maria Font-i-Furnols. 2023. "A Matter Of Body Weight And Sex Type: Pig Carcass Chemical Composition And Pork Quality". Meat Science 197: 109077. doi:10.1016/j.meatsci.2022.109077.</subfield>
   </datafield>
   <datafield ind1="8" ind2=" " tag="024">
      <subfield code="a">0309-1740</subfield>
   </datafield>
   <datafield ind1="8" ind2=" " tag="024">
      <subfield code="a">http://hdl.handle.net/20.500.12327/2114</subfield>
   </datafield>
   <datafield ind1="8" ind2=" " tag="024">
      <subfield code="a">https://doi.org/10.1016/j.meatsci.2022.109077</subfield>
   </datafield>
   <datafield ind2="0" ind1="0" tag="245">
      <subfield code="a">A matter of body weight and sex type: Pig carcass chemical composition and pork quality</subfield>
   </datafield>
</record></metadata></record></GetRecord></OAI-PMH>